000 01070nam a2200253 a 4500
001 BRCA_2353
005 20190320203754.0
008 201008s2006----sp-a---###---#000-0#spa-#
020 _a9788493513290
041 _aspa
044 _asp
050 4 _aE111
_b.C44 2006
100 1 _aCheca Cremades, Fernando
_95854
245 1 0 _aLa materia de los sueños
_bCristóbal Colón
_cdirigido por Fernando Checa Cremades ; con contribuciones de A. Alonso Sagaseta ... [et al.].
260 _aValladolid
_bJunta de Castilla y León : Sociedad Estatal de Conmemoraciones Culturales
_c2006
300 _a349 p.
_bil. (algunas a color)
_c30 cm.
500 _aCatálogo de la exposición realizada en el Museo Patio Herreriano (Valladolid), 16 noviembre, 2006 - 15 febrero, 2007
500 _aIncluye piezas de la colección Franz Mayer: p. 260 y 309
600 1 4 _aColón, Cristóbal
_d1451–1506
_97054
650 1 4 _aExploradores
_vBiografía
_zAmérica
_97055
651 4 _aAmérica
_xDescubrimiento y exploración
_9584
700 1 _aSagaseta, A. Alonso
_97056
942 _2lcc
_cB
999 _c2094
_d2094